00515nam a2200205 a 4500001001300000003000900013005001700022008004100039020001000080082001800090100002000108245003500128260002800163300000900191500003500200505001000235650002500245650001900270700002000289nice12345678IN_TiNIC20260116013508.0050524s1986 boma grp 000 0 eng  ac25000a722.4484bMIC aMichell, George aIslamic Heritage of the Deccan aBombaybMarg Pub.c1986 a130p aincludes index and biblioraphy2 aIndex aDeccan-History-Islam aHistory-Deccan1 aMichell, George